Калибровка акустического пьезоэлектрического датчика; Известия Томского политехнического университета [Известия ТПУ]; Т. 305, вып. 3 : Проблемы и перспективы технологий атомной промышленности

Dettagli Bibliografici
Parent link:Известия Томского политехнического университета [Известия ТПУ]/ Томский политехнический университет (ТПУ).— , 2000-
Т. 305, вып. 3 : Проблемы и перспективы технологий атомной промышленности.— 2002.— [С. 310-314]
Autore principale: Головин А. В.
Altri autori: Кадлубович Б. Е., Колбаенков А. А.
Riassunto:Заглавие с титульного листа
Электронная версия печатной публикации
В работе предложен метод калибровки пьезоакустического датчика. Данное измерительное устройство применяется для исследования электронных пучков. Предлагается тарировать датчик стальным шариком, свободно падающим с определенной высоты на переднюю поверхность мишени и возбуждающим упругую волну. В этом случае можно с достаточной точностью описать происходящие процессы и оценить давление на тыльной поверхности мишени. Полученная теоретическая модель качественно и с достаточной точностью согласуется с экспериментом.
Lingua:russo
Pubblicazione: 2002
Serie:Физика атомного ядра и частиц
Soggetti:
Accesso online:http://www.lib.tpu.ru/fulltext/v/Bulletin_TPU/2002/v305/i3/54.pdf
Natura: MixedMaterials Elettronico Capitolo di libro
KOHA link:https://koha.lib.tpu.ru/cgi-bin/koha/opac-detail.pl?biblionumber=163934

MARC

LEADER 00000nla2a2200000 4500
001 163934
005 20231031161033.0
035 |a (RuTPU)RU\TPU\book\177850 
035 |a RU\TPU\book\177849 
090 |a 163934 
100 |a 20090825d2002 k y0rusy50 ca 
101 0 |a rus 
102 |a RU 
135 |a drnn ---uucaa 
181 0 |a i  
182 0 |a b 
200 1 |a Калибровка акустического пьезоэлектрического датчика  |b Электронный ресурс  |f А. В. Головин, Б. Е. Кадлубович, А. А. Колбаенков 
203 |a Текст  |c электронный 
215 |a 1 файл (647 Кб) 
225 1 |a Физика атомного ядра и частиц 
230 |a Электронные текстовые данные (1 файл : 647 Кб) 
300 |a Заглавие с титульного листа 
300 |a Электронная версия печатной публикации 
320 |a [Библиогр.: с. 313 (3 назв.)] 
330 |a В работе предложен метод калибровки пьезоакустического датчика. Данное измерительное устройство применяется для исследования электронных пучков. Предлагается тарировать датчик стальным шариком, свободно падающим с определенной высоты на переднюю поверхность мишени и возбуждающим упругую волну. В этом случае можно с достаточной точностью описать происходящие процессы и оценить давление на тыльной поверхности мишени. Полученная теоретическая модель качественно и с достаточной точностью согласуется с экспериментом. 
337 |a Adobe Reader 
461 1 |0 (RuTPU)RU\TPU\book\176237  |t Известия Томского политехнического университета [Известия ТПУ]  |f Томский политехнический университет (ТПУ)  |d 2000- 
463 1 |0 (RuTPU)RU\TPU\book\177520  |t Т. 305, вып. 3 : Проблемы и перспективы технологий атомной промышленности  |o тематический выпуск  |v [С. 310-314]  |d 2002  |p 415 с. 
610 1 |a акустические датчики 
610 1 |a калибровка 
610 1 |a электронные пучки 
610 1 |a экспериментальные исследования 
610 1 |a теоретические модели 
610 1 |a экспериментальные модели 
610 1 |a труды учёных ТПУ 
610 1 |a электронный ресурс 
610 1 |a пьезоэлектрические датчики 
610 1 |a измерительные устройства 
700 1 |a Головин  |b А. В. 
701 1 |a Кадлубович  |b Б. Е. 
701 1 |a Колбаенков  |b А. А. 
801 1 |a RU  |b 63413507  |c 20090623  |g PSBO 
801 2 |a RU  |b 63413507  |c 20210417  |g PSBO 
856 4 |u http://www.lib.tpu.ru/fulltext/v/Bulletin_TPU/2002/v305/i3/54.pdf 
942 |c CF